000 02816nam a2200697 i 4500
003 EG-GICUC
005 20260121101730.0
008 260115s1939 uk |||||ry||| 00| 0 eng d
040 _aEG-GiCUC
_beng
_cEG-GiCUC
_dEG-GiCUC
_erda
082 0 4 _221
_a334.68
_bYE
092 0 4 _221
099 _aLaw1 13 REF 334.68 YE 1939
110 2 _kThe Horace Plunkett Foundation
_eeditor.
245 1 0 _aYear Book Of Agricultural Co-operation /
_cEdited By The Horace Plunkett Foundation, A. H. Macdonald Dr. F. L. Filho Tacilio Tomanili Dr. C. R. Fay Prof. Ashby A. Wolskel H. F. Norman H. A. Izant Dr. H. Wilbrandt H. Viteles Prof. G. Fabila W. H. Jones P. Vimeux Dr. C. Hemmer Dr. R. Hoernigk G. Costanzo Tr. Bjanes G. Davidovic Dr. I. Palasoff Dec J. T. Hull Edelsten Pope O. Parrao Dr. D. Bórea A. S. Rayner E. F. G. Haig J. Mcn. Wingate H. F. Bingham A. Cramois F. B. Wace G. De Soyza R Boyd Dr. E. De Vries M. K. Gerakaris Hon T.H. Bath
264 1 _aLondon :
_bP. S. King & Son,
_c1939.
300 _a555 pages :
_c24 cm
336 _2rda content
_atext
337 _2rda media
_aComputer
338 _2rda carrier
_aOnline Resource
546 _aText in English
650 1 4 _aProduction Cooperatives According to Industry
700 1 _aHood,Robin
_eContributor
700 1 _aAhern,Z.
_eContributor
700 1 _aMacdonald,A. H.
_eContributor
700 1 _aFilho,F. L.
_eContributor
700 1 _aTomanili,Tacilio
_eContributor
700 1 _aFay,C. R.
_eContributor
700 1 _aAshby
_eContributor
700 1 _aWolskel,A.
_eContributor
700 1 _aNorman,H. F.
_eContributor
700 1 _aIzant,H. A.
_eContributor
700 1 _aWilbrandt,H.
_eContributor
700 1 _aViteles,H.
_eContributor
700 1 _aFabila,G.
_eContributor
700 1 _aJones,W. H.
_eContributor
700 1 _aVimeux,P.
_eContributor
700 1 _aHemmer,C.
_eContributor
700 1 _aHoernigk,R.
_eContributor
700 1 _aCostanzo,G.
_eContributor
700 1 _aBjanes,Tr.
_eContributor
700 1 _aDavidovic,G.
_eContributor
700 1 _aPalasoff,I
_eContributor
700 1 _aHull,J. T.
_eContributor
700 1 _aPope,R. Edelsten
_eContributor
700 1 _aParrao,O.
_eContributor
700 1 _aBórea,D.
_eContributor
700 1 _aRayner,A. S.
_eContributor
700 1 _aHaig,E. F. G.
_eContributor
700 1 _aWingate,J. Mcn.
_eContributor
700 1 _aBingham,H. F.
_eContributor
700 1 _aCramois,A.
_eContributor
700 1 _aWace,F. B.
_eContributor
700 1 _aSoyza,G. De.
_eContributor
700 1 _aBoyd,R.
_eContributor
700 1 _aVries,E. De
_eContributor
700 1 _aGerakaris,M. K.
_eContributor
700 1 _aΒath,Hon Τ. Η.
_eContributor
856 4 0 _uhttps://fll.law.cu.edu.eg/fulltext/bks/B13-09252.pdf
905 _a67
942 _2ddc
_cREF
_e21
_n0
999 _c57238
_d57238